People with A Initials: Sports Version - Statistics

General Stats
  • This quiz has been taken 41 times
    18 since last reset
  • The average score is 6 of 26
Answer Stats
Hint Athlete % Correct
AD C/PF for the Lakers Anthony Davis
88%
AJ OF for the Yankees Aaron Judge
69%
AO LW for the Capitals Alex Ovechkin
63%
AE SG for the Timberwolves Anthony Edwards
63%
AN Starting pitcher for the Phillies Aaron Nola
44%
AH Moroccan RB for PSG Achraf Hakimi
38%
AI Swedish forward for Newcastle United Alexander Isak
38%
AR PF for the Sky Angel Reese
38%
AG Turkish midfielder for Real Madrid Arda Güler
31%
AX Former Portuguese footballer, last played in 2008 Abel Xavier
25%
AV SS for the New York Yankees Anthony Volpe
25%
AB 3B for the Phillies Alec Bohm
19%
AZ German tennis player, ranked #4 Alexander Zverev
19%
AY Ukrainian footballer for Dynamo Kyiv Andriy Yarmolenko
19%
AC Argentine footballer for Atlético Madrid Ángel Correa
19%
AS Belarussian tennis player, ranked #3 Aryna Sabalenka
19%
AW PF for the Aces A'ja Wilson
13%
AM American striker for San Diego Wave FC Alex Morgan
6%
AQ Former Italian footballer from Brescia, last played in 2017 Alberto Quadri
0%
AP Brazilian Light Heavyweight UFC Champion Alex Pereira
0%
AL Swiss forward for Juventus Alisha Lehmann
0%
AA Iraqi UFC fighter, flyweight #3 Amir Albazi
0%
AK Russian tennis player, ranked #17 Anna Kalinskaya
0%
AU Nigerian forward for Botev Plovdiv Anthony Ujah
0%
AT Armenian lightweight #1 Arman Tsarukyan
0%
AF SG for UConn Azzi Fudd
0%
No matching quizzes found
Score Distribution
Percent of People with Each Score
Percentile by Number Answered
Your Score History
You have not taken this quiz since the last reset